Biblioteca

The wherewithal of life : (Registro nro. 65373)

Detalles MARC
000 -LÍDER
Campo fijo de descripción fija 01882nam a2200385 i 4500
001 - NÚMERO DE CONTROL
Campo de control 768714001
003 - IDENTIFICADOR DEL NÚMERO DE CONTROL
Campo de control CO-MdFUSB
005 - FECHA Y HORA DE LA ULTIMA TRANSACCIÓN
control field 20220720062537.0
008 - ELEMENTOS DE LONGITUD FIJA -- INFORMACIÓN GENERAL
Campo fijo de descripción fija -- Información general 200212t2013 enk |||| |||| 00| 0 eng d
020 ## - NÚMERO INTERNACIONAL NORMALIZADO PARA LIBROS
Número Internacional Normalizado del libro 9780520276703
040 ## - FUENTE DE CATALOGACIÓN
Agencia de catalogación original CO-MdFUSB
Idioma de catalogación spa
Agencia que realiza la transcripción CO-MdFUSB
Agencia que realiza la modificación CO-MdFUSBC
Convenciones de la descripción rda
041 ## - CÓDIGO DE IDIOMA
Código de idioma para texto/pista de sonido o título separado eng
082 ## - NÚMERO DE CLASIFICACIÓN DECIMAL DEWEY
Número de la edición del Dewey 23
Número de clasificación 301.01
Clave de autor-Numero de item J12
100 ## - ASIENTO PRINCIPAL--NOMBRE PERSONAL
Nombre personal Jackson, Michael.
Término relacionador autor
245 14 - TÍTULO
Título del Material The wherewithal of life :
Parte restante del título - Subtitulo ethics, migration, and the question of well - being
Mención de responsabilidad, etc. / Michael Jackson ; conversaciones con: Emmanuel Mulamila , Roberto M. Franco , Ibrahim Ouédraogo
264 #1 - PRODUCCIÓN, PUBLICACIÓN, DISTRIBUCIÓN, MANUFACTURA, Y COPYRIGHT
Lugar de producción, publicación, distribución, manufactura Inglaterra :
Nombre del productor, publicador, distribuidor University of California Press,
Fecha de producción, publicación, distribución, manufactura, o copyright [2013]
264 #4 - PRODUCCIÓN, PUBLICACIÓN, DISTRIBUCIÓN, MANUFACTURA, Y COPYRIGHT
Fecha de producción, publicación, distribución, manufactura, o copyright © 2013
300 ## - DESCRIPCIÓN FÍSICA
Extensión 264 páginas
Dimensiones ; 23 cm
336 ## - TIPO DE CONTENIDO
Fuente rdacontent
Término de tipo de contenido texto
Código de tipo de contenido txt
337 ## - TIPO DE MEDIO
Fuente rdamedia
Nombre del tipo de medio sin mediación
Código del tipo de medio n
338 ## - TIPO DE SOPORTE
Fuente rdacarrier
Nombre del tipo de soporte volumen
Código Tipo de soporte nc
505 ## - NOTA DE CONTENIDO
Nota de contenido con formato preestablecido Preambulo. -- Emmanuel. -- Roberto. -- Ibrahim. -- Posdata.
520 ## - NOTA DE RESUMEN, ETC.
Nota de sumario, etc. A través de extensas conversaciones con tres informantes claves, de Uganda, Burkina Faso y México, en Copenhague, Amsterdam y Cambridge, MA, Jackson compara y contrasta lo que está en juego para cada persona que migra desde el sur global en busca de satisfacción y futuro. Estas historias de vida dramatizan, con detalles una serie de cuestiones éticas y existenciales desgarradoras, que serán familiares para todos, aunque no sea por otra razón que las vicisitudes del apego, la separación, la pérdida y la renovación, son aspectos inevitables de cada vida humana.
563 ## - NOTA DE ENCUADERNACIÓN
Nota de encuadernación Rústico
650 #0 - ASIENTO SECUNDARIO DE MATERIA - TERMINO TEMÁTICO
9 (RLIN) 4
Término temático o nombre geográfico como elemento de entrada Antropología
650 #7 - ASIENTO SECUNDARIO DE MATERIA - TERMINO TEMÁTICO
Término temático o nombre geográfico como elemento de entrada Ética social.
Fuente del encabezamiento o término
9 (RLIN) 186
650 #7 - ASIENTO SECUNDARIO DE MATERIA - TERMINO TEMÁTICO
Término temático o nombre geográfico como elemento de entrada Filosofía
Fuente del encabezamiento o término
9 (RLIN) 7168
653 ## - TÉRMINO DE INDIZACIÓN - NO CONTROLADO
Término no controlado Bienestar
700 ## - ASIENTO SECUNDARIO - NOMBRE PERSONAL
9 (RLIN) 2842
Nombre personal Mulamila, Emmanuel.
Responsabilidad colaborador
700 ## - ASIENTO SECUNDARIO - NOMBRE PERSONAL
9 (RLIN) 2843
Nombre personal Franco, Roberto M.
Responsabilidad colaborador
700 ## - ASIENTO SECUNDARIO - NOMBRE PERSONAL
9 (RLIN) 2844
Nombre personal Ouédraogo, Ibrahim.
Responsabilidad colaborador
942 ## - TIPO DE MATERIAL (KOHA)
Tipo de Item KOHA Libros General
945 ## - INFORMACIÓN LOCAL DEL REGISTRO
Catalogador JTF-925
Existencias
Estado de Material Estado de Perdido Forma de Clasificación Estado de Dañado No para Préstamo Colección Biblioteca de Origen Biblioteca Permanente Fecha de Adquisición Área Total de Préstamos Total de Renovaciones Signatura Topográfica Código de Barras Última vez visto Última vez Préstado Ejemplar/Existencia Fecha de Remplazo Tipo de Material
    Dewey Decimal Classification     Colección TID Biblioteca FUSBC Biblioteca FUSBC 12/02/2020 FILOSOFIA 1 2 TID 301.01 J12w 16393 23/11/2020 14/02/2020 Ej. 1 12/02/2020 Libros General

Biblioteca FUSBC | Teléfono: (57+4) 349 88 10 Ext. 141| WhatsApp (+57) 3005338115 
E-mail: biblioteca@unisbc.edu.co | Calle 76 87-14 Robledo Palenque, Medellín, Colombia

Con tecnología Koha